Mountains of Europe - Sudden Death - Statistics

General Stats
  • This quiz has been taken 102 times
  • The average score is 4 of 17
Answers on the Grid
Answers color-coded by a green-red scale on the quiz's grid according to % correct below.
Glittertind
Scafell Pike
Pico de Orizaba
Sněžka
Paget
Kosciuszko
Elbrus
Dena
Hekla
Taygetus
San Gorgonio
Erebus
Pilanesberg
Thor
Eiger
Mulhacén
Wilhelm
Etna
Belukha
Rysy
Parinacota
Triglav
Elgon
Zugspitze
Carrauntoohil
Barre des Écrins
Vihren
Meron
Cairn Gorm
Grossglockner
 
Answer Stats
Answer % Correct
Etna
58%
Elbrus
48%
Grossglockner
35%
Zugspitze
35%
Sněžka
32%
Triglav
29%
Eiger
26%
Glittertind
26%
Barre des Écrins
19%
Rysy
16%
Scafell Pike
16%
Cairn Gorm
13%
Hekla
13%
Mulhacén
13%
Carrauntoohil
10%
Taygetus
3%
Vihren
3%
No matching quizzes found
Score Distribution
Percent of People with Each Score
Percentile by Number Answered
Your Score History
You have not taken this quiz